000 01287nam2a2200277 4500
001 RU\NLR\BIBL_A\012405236
005 20210716112519.0
010 _a978-5-5-0051-0636-0
_bт.1
021 _aRU
_bКН-П-20-043576
_9КН-П-20-3322
035 _a(NLR Aleph) 012405236
035 _a(RuMoRGB)010389511
090 _a11746227
_c11746227
100 _a20201116d2020 e y0rusy50 ca
101 0 _arus
102 _aRU
105 _ay z 010zb
200 0 _aТ. 1
210 _d2020
215 _a543, [2] с.
461 0 _1001RU\NLR\BIBL_A\012405234
_12001#$aЖизнь и Смерть Владимира Ульянова-Ленина$e[роман-исследование]$fНиколай Семёнов-Мерьский$vТ. 1
_1700#1$aСемёнов-Мерьский$bН. С.$gНиколай Степанович$3RU\NLR\AUTH\770223903
_911746216
_aСемёнов-Мерьский, Н. С.
_c[Б. м.]
_d2020
_fНиколай Семёнов-Мерьский
_nИздательские решения
_o[роман-исследование]
_tЖизнь и Смерть Владимира Ульянова-Ленина
_y97855005106353
_vТ. 1
942 _cBOOK
980 _aNBR
980 _aNB